Welche Stadt in Nordrhein-Westfalen (NRW)? #2 - Statistiken

Allgemein
  • Dieses Quiz wurde 3.308 mal gespielt
  • Das Durchschnittsergebnis liegt bei 9 aus 20
Antwortstatistiken
Beschreibung Buchstabe Stadt % Korrekt
In dieser Stadt befinden sich das CentrO und das Gasometer O Oberhausen
82%
Hier befindet sich das Phantasialand B Brühl
66%
Der ehemalige DFB-Pokalsieger KFC Uerdingen ist in dieser Stadt zu Hause K Krefeld
57%
In dieser Stadt befindet sich der Movie Park Germany B Bottrop
55%
Aus dem Lateinischen übersetzt ist der Name dieser Stadt "Westfälische Pforte" P Porta Westfalica
55%
Diese Stadt ist bekannt für die nach ihr benannte Biermarke W Warstein
55%
In dieser Stadt findet das größte Schützenfest in NRW statt N Neuss
52%
In dieser Stadt steht das Hermannsdenkmal, das an die Schlacht im Teutoburger Wald erinnert D Detmold
51%
Kreisstadt des einwohnerstärksten Kreises in NRW R Recklinghausen
50%
Die südlichste Großstadt Westfalens S Siegen
49%
In dieser Stadt befindet sich der größte hinduistische Tempel in Deutschland und der zweitgrößte in Europa H Hamm
43%
Diese Stadt ist die größte im südöstlichen Ruhrgebiet und wird oft als "Tor zum Sauerland" bezeichnet H Hagen
41%
Diese Stadt liegt zwischen Köln und Aachen an der Rur D Düren
40%
In dieser Stadt wuchs Michael Schumacher auf und begann seine Motorsportkarriere K Kerpen
35%
Hier mündet die Lippe in den Rhein W Wesel
33%
Diese Stadt liegt an der Ems und ist die größte Stadt des Münsterlandes nach Münster R Rheine
31%
Kreisstadt mit ca. 100.000 Einwohnern G Gütersloh
30%
Aufgrund der weitreichenden Handelsbeziehungen seiner Metall- und Werkzeugindustrie nach Übersee nennt sich diese Stadt volkstümlich-traditionell seit den 1880er Jahren die „Seestadt auf dem Berge“ R Remscheid
21%
Hier mündet die Emscher in den Rhein D Dinslaken
18%
Stadt und ein Thermal-Heilbad im Kreis Lippe B Bad Salzuflen
11%
Keine übereinstimmenden Quizze gefunden
Verteilung der Resultate
Anzahl Personen mit jedem Resultat
Perzentil nach korrekt beantworteten Fragen
Ihre Resultats-Entwicklung
Sie haben dieses Quiz noch nicht gespielt